General quiz about USA - Statistics

General Stats
  • This quiz has been taken 1,193 times
    823 since last reset
  • The average score is 6 of 10
Answer Stats
Hint Answer % Correct
Who was the first president of US? George Washington
95%
what is the most populated state in US? California
92%
Who is the current president of US? Donald J. Trump
88%
Where is mount Rushmore located? South Dakota
65%
What is the smallest state by area in America? Rhode Island
63%
Where is the liberty bell located? Philadelphia, Pennsylvania
54%
What is the capital city of Louisiana? Baton Rouge
48%
What is the least populated state in America? Wyoming
39%
Who was the 16th president of US? Abraham Lincoln
38%
The highest mountain in US? Mount McKinley
27%
No matching quizzes found
Score Distribution
Percent of People with Each Score
Percentile by Number Answered
Your Score History
You have not taken this quiz since the last reset